Khởi tố vụ án hình sự theo yêu cầu của bị hại /

保存先:
書誌詳細
第一著者: Phạm Thái.
フォーマット: 論文
言語:Vietnamese
主題:
タグ: タグ追加
タグなし, このレコードへの初めてのタグを付けませんか!
Thư viện lưu trữ: Thư viện Trường Đại học Đà Lạt
LEADER 00731nam a2200253 4500
001 DLU170180916
005 ##20170912
040 # # |a DLU  |b vie 
041 # # |a vie 
044 # # |a vn 
100 # # |a Phạm Thái. 
245 # # |a Khởi tố vụ án hình sự theo yêu cầu của bị hại /  |c Phạm Thái. 
653 # # |a Bị hại  
653 # # |a Khởi tố vụ án 
653 # # |a Vụ án hình sự  
773 # # |t Luật học  |g Số 9(196), 2016, tr. 46-56 
920 # # |a Phòng Tạp chí -- Trung tâm Thông tin - Thư viện Trường Đại học Đà Lạt 
900 # # |a True 
911 # # |a Nguyễn Thị Thu Phương 
925 # # |a G 
926 # # |a A 
927 # # |a BB 
980 # # |a Thư viện Trường Đại học Đà Lạt